| 000 | 00333nam a2200121Ia 4500 | ||
|---|---|---|---|
| 008 | 220204s9999 xx 000 0 und d | ||
| 082 |
_a615.3 _bWIL |
||
| 245 | 0 | _aText book of organic medicinal and pharmaceutical chemistry | |
| 250 | _a7 | ||
| 260 |
_aPhiladelphia _bJ B Lippincott _c1977 |
||
| 700 | _aWilson, Charles O | ||
| 942 | _cBK | ||
| 999 |
_c28285 _d28285 |
||